| 000 | 00480nam a2200157 i 4500 | ||
|---|---|---|---|
| 001 | 150691 | ||
| 003 | ES-MaACL | ||
| 005 | 20230906203636.0 | ||
| 007 | t| | ||
| 008 | 071106s1953 ag f |||| |bspa d | ||
| 245 | 0 | 0 |
_aEva Perón _b: los que supieron de su bondad y su ternura. |
| 260 |
_a[Buenos Aires] : _bServicio Internacional, Publicaciones Argentinas, _c[1953] |
||
| 300 |
_a332 p., 2 h. de lám. ; _c30 cm. |
||
| 600 | 1 | 4 |
_aPerón, Eva. _991316 |
| 852 |
_aES-MaACL _jC-6753 |
||
| 999 |
_c150691 _d150691 |
||